Statistics for Most streamed songs : U2

Click here to take the quiz!

General Stats

  • This quiz has been taken 49 times
  • The average score is 6 of 10

Answer Stats

StreamsSong% Correct
570 000 000One
88%
268 000 000Pride (In The Name Of Love)
85%
197 500 000Where The Streets Have No Name
85%
1 023 500 000With Or Without You
83%
557 500 000Beautiful Day
75%
398 500 000Sunday Bloody Sunday
75%
693 000 000I Still Haven't Found What I'm Looking For
68%
137 500 000Vertigo
63%
132 000 000Stuck In A Moment You Can't Get Out Of
15%
143 000 000Sweetest Thing
10%

Score Distribution

Percentile by Number Answered

Percent of People with Each Score

Your Score History

You have not taken this quiz